000
00313nam a22001337a 4500
008
171220b xxu||||| |||| 00| 0 eng d
020
_a
9780195386394
041
_a
eng
080
_a
616.8
100
_a
7
101
_a
TRU
245
_a
MANAGEMENT OF EARLY PARKINSONS DISEASE
_c
KELLY.L
942
_2
udc
_c
BK
999
_c
39211
_d
39211